Pays commençant par des consonnes doubles - Statistiques

Statistiques générales
  • Ce quiz a été pris 1 127 fois
    1 120 depuis la dernière actualisation
  • Le résultat moyen est 13 sur 22
Statistiques - réponses
Consonnes doubles % Correct
France
89%
Brésil
84%
Chine
81%
Croatie
73%
Gréce
71%
Chili
69%
Slovaquie
63%
Slovenie
63%
Bhoutan
60%
Thailande
57%
Brunei
56%
Chypre
56%
Sri Lanka
56%
Ghana
53%
Philippines
51%
Djibouti
46%
Tchad
46%
Rwanda
41%
Trinite-et-Tobago
41%
Grenade
40%
Tchèquie
37%
Swaziland
18%
Aucun quiz correspondant
Distribution des résultats
% des personnes avec chaque résultat
Percentile par nombre de réponses
Votre historique - résultats
Vous n’avez pas pris ce quiz depuis la dernière actualisation